000 00993pam a2200289 a 4500
001 1006270
003 NUST - PNEC
005 20170116181124.0
008 871013s1988 enka b 000 0 eng
010 _a 87028555
020 _a0419144501
040 _aDLC
_cLIBRARY
_dDLC
050 0 0 _aTH6010
_b.A76 1988
082 0 0 _a658.202 ARM
_219
100 1 _aArmstrong, J. H.,
_d1946-
245 1 0 _aLow-cost condition monitoring for engineering services /
_cBuilding Services Research and Information Association ; J.H. Armstrong and P.C. Taylor.
260 _aLondon ;
_aNew York :
_bE. & F.N. Spon,
_c1988.
300 _a163 p. :
_bill. ;
_c24 cm.
504 _aBibliography: p. [144]-146.
650 0 _aBuildings
_xMechanical equipment
_xMIS
650 0 _aPlant maintenance.
700 1 _aTaylor, P.
710 2 _aBuilding Services Research and Information Association.
740 0 _aEngineering services.
906 _a7
_bcbc
_corignew
_d1
_eocip
_f19
_gy-gencatlg
942 _2ddc
_cBK
999 _c69662
_d69662